000 00420nam a22001577a 4500
005 20240910105620.0
008 240910b |||||||| |||| 00| 0 eng d
041 _aEnglish
082 _a346.5 OLI
100 _lEnglish
245 _aTrust Law and Practice /
_cPA Olivier
250 _aFirst Edition
300 _b320 pages;
_c25 cm.
650 _alegal practice
_bLaw
942 _cBK
_6ALISON_BN_VRIES
999 _c3036
_d3036